000 00648nmc a2200253 a 4500
003 AR-BaBNM
005 20251128211301.0
008 303120s1997 ||||||||||||||000 | spa||
020 _a956-7698-28-7
040 _cAR-BaBNM
100 1 _aWood, Leslie
245 1 0 _aUn perro llamado Travesuras
250 _a1ยช ed.
260 _aNew York
_bOxford University Press
_c1997
300 _a16 p.
_bil.
490 0 _aEl gato en la alfombra
650 4 _aLITERATURA INFANTIL
650 4 _aLIBROS PARA NINOS
650 4 _aCUENTOS DE ANIMALES
655 _aLITERATURA
700 1 _aJaime, Bengie
_eadaptador
942 _cBK
998 _cmartin
999 _c18994
_d18994